| 000 | 00754nab a2200229u 4500 | ||
|---|---|---|---|
| 001 | 15435 | ||
| 003 | HDC | ||
| 007 | c| |||a|c|aaaa | ||
| 008 | 210217b20130801my ||||| |||| 00| 0 may d | ||
| 040 | _aHDC | ||
| 245 | 0 | _aStandard halal: 3 pusat penyembelihan ayam diberi amaran keras | |
| 336 |
_atext _2rdacontent |
||
| 337 |
_acomputer _2rdamedia |
||
| 338 |
_aonline resource _2rdacarrier |
||
| 650 |
_ahalal hub _92262 |
||
| 650 |
_aJabatan Kemajuan Islam Malaysia (JAKIM) _910824 |
||
| 710 | _aBERITA HARIAN | ||
| 856 | _zRequest full-text at [email protected] | ||
| 942 | _2lcc | ||
| 942 | _cNEWS | ||
| 942 | _kNWSC 003709 | ||
| 999 |
_c12751 _d12751 |
||